Enchanted pony academy : (Record no. 760)

MARC details
000 -LEADER
fixed length control field 02261nam a22005657a 4500
005 - DATE AND TIME OF LATEST TRANSACTION
control field 20230731081310.0
020 ## - INTERNATIONAL STANDARD BOOK NUMBER
International Standard Book Number 9780545908948
Qualifying information (paperback)
020 ## - INTERNATIONAL STANDARD BOOK NUMBER
International Standard Book Number 0545908949
Qualifying information (paperback)
020 ## - INTERNATIONAL STANDARD BOOK NUMBER
International Standard Book Number 9781536402186
Qualifying information (library binding)
020 ## - INTERNATIONAL STANDARD BOOK NUMBER
International Standard Book Number 1536402184
Qualifying information (library binding)
040 ## - CATALOGING SOURCE
Original cataloging agency YDXCP
Language of cataloging eng
Transcribing agency YDXCP
Description conventions rda
Modifying agency BTCTA
-- OCLCQ
-- GKX
-- BDX
-- VTL
-- FMG
-- OCLCO
-- OCLCF
-- OCLCO
-- IHX
-- OCL
-- IHX
-- TXMLI
-- OCL
-- EHH
-- DLC
050 00 - LIBRARY OF CONGRESS CALL NUMBER
Classification number PZ7.S42673
Item number Le 2017
082 04 - DEWEY DECIMAL CLASSIFICATION NUMBER
Classification number [E]
Edition number 23
100 1# - MAIN ENTRY--PERSONAL NAME
Personal name Scott, Lisa Ann,
Relator term author.
245 10 - TITLE STATEMENT
Title Enchanted pony academy :
Remainder of title Let it glow /
Statement of responsibility, etc. Lisa Ann Scott ; illustrated by Heather Burns.
260 ## - PUBLICATION, DISTRIBUTION, ETC.
Place of publication, distribution, etc. London :
Name of publisher, distributor, etc. Scholastic,
Date of publication, distribution, etc. 2017.
300 ## - PHYSICAL DESCRIPTION
Extent 116 pages :
Other physical details illustrations ;
Dimensions 20 cm.
490 1# - SERIES STATEMENT
Series statement Enchanted Pony Academy ;
Volume/sequential designation Book 3
500 ## - GENERAL NOTE
General note Contains excerpts of the next Enchanted Pony Academy series "Dream the Sparkle".
505 ## - FORMATTED CONTENTS NOTE
Formatted contents note K <br/>
520 ## - SUMMARY, ETC.
Summary, etc. Discouraged when she realizes it's harder than she thought to ride with the children, Electra hopes she can find her perfect match and become a royal pony.
521 0# - TARGET AUDIENCE NOTE
Target audience note 520
Source Lexile <br/>
521 0# - TARGET AUDIENCE NOTE
Target audience note K <br/>
Source Raz-Plus <br/>
650 #0 - SUBJECT ADDED ENTRY--TOPICAL TERM
Topical term or geographic name entry element Ponies
Form subdivision Juvenile fiction.
650 #0 - SUBJECT ADDED ENTRY--TOPICAL TERM
Topical term or geographic name entry element Children with disabilities
Form subdivision Juvenile fiction.
650 #0 - SUBJECT ADDED ENTRY--TOPICAL TERM
Topical term or geographic name entry element Schools
Form subdivision Juvenile fiction.
650 #0 - SUBJECT ADDED ENTRY--TOPICAL TERM
Topical term or geographic name entry element Magic
Form subdivision Juvenile fiction.
650 #1 - SUBJECT ADDED ENTRY--TOPICAL TERM
Topical term or geographic name entry element Ponies
Form subdivision Fiction.
650 #1 - SUBJECT ADDED ENTRY--TOPICAL TERM
Topical term or geographic name entry element Children with disabilities
Form subdivision Fiction.
650 #1 - SUBJECT ADDED ENTRY--TOPICAL TERM
Topical term or geographic name entry element Schools
Form subdivision Fiction.
650 #1 - SUBJECT ADDED ENTRY--TOPICAL TERM
Topical term or geographic name entry element Magic
Form subdivision Fiction.
650 #4 - SUBJECT ADDED ENTRY--TOPICAL TERM
Topical term or geographic name entry element Ponies
Form subdivision Fiction.
650 #4 - SUBJECT ADDED ENTRY--TOPICAL TERM
Topical term or geographic name entry element schools
Chronological subdivision fiction.
650 #4 - SUBJECT ADDED ENTRY--TOPICAL TERM
Topical term or geographic name entry element Children with Disabilities
Form subdivision Fiction.
650 #4 - SUBJECT ADDED ENTRY--TOPICAL TERM
Topical term or geographic name entry element magic
Form subdivision fiction.
650 #7 - SUBJECT ADDED ENTRY--TOPICAL TERM
Topical term or geographic name entry element Children with disabilities.
Source of heading or term fast
Authority record control number or standard number (OCoLC)fst00855544
650 #7 - SUBJECT ADDED ENTRY--TOPICAL TERM
Topical term or geographic name entry element Magic.
Source of heading or term fast
Authority record control number or standard number (OCoLC)fst01005468
650 #7 - SUBJECT ADDED ENTRY--TOPICAL TERM
Topical term or geographic name entry element Ponies.
Source of heading or term fast
Authority record control number or standard number (OCoLC)fst01070964
650 #7 - SUBJECT ADDED ENTRY--TOPICAL TERM
Topical term or geographic name entry element Schools.
Source of heading or term fast
Authority record control number or standard number (OCoLC)fst01107958
655 #4 - INDEX TERM--GENRE/FORM
Genre/form data or focus term PONIES
Form subdivision Juvenile Fiction.
655 #7 - INDEX TERM--GENRE/FORM
Genre/form data or focus term Fantasy fiction.
Source of term fast
Authority record control number or standard number (OCoLC)fst01726607
655 #7 - INDEX TERM--GENRE/FORM
Genre/form data or focus term Fiction.
Source of term fast
Authority record control number or standard number (OCoLC)fst01423787
655 #7 - INDEX TERM--GENRE/FORM
Genre/form data or focus term Juvenile works.
Source of term fast
Authority record control number or standard number (OCoLC)fst01411637
655 #7 - INDEX TERM--GENRE/FORM
Genre/form data or focus term Fantasy fiction.
Source of term lcgft
700 1# - ADDED ENTRY--PERSONAL NAME
Personal name Burns, Heather,
Relator term illustrator.
906 ## - LOCAL DATA ELEMENT F, LDF (RLIN)
a 7
b cbc
c copycat
d 2
e ncip
f 20
g y-gencatlg
942 ## - ADDED ENTRY ELEMENTS (KOHA)
Source of classification or shelving scheme Dewey Decimal Classification
Koha item type Books
Suppress in OPAC No
999 ## -
-- 760
-- 760
Holdings
Withdrawn status Lost status Source of classification or shelving scheme Damaged status Not for loan Collection Home library Current library Shelving location Date acquired Total Checkouts Full call number Barcode Date last seen Date last checked out Price effective from Koha item type
    Dewey Decimal Classification     Juvenile Fiction Footprints International School Library Network Toul Kork Campus Footprints International School Library Network Toul Kork Campus TK Primary Library Room(4th Floor), Bookcase 3&4, Shelves 17-32, Yellow Books 07/06/2023 1 SCO 813.6 2023-0120 09/07/2023 08/23/2023 07/06/2023 Books